| 000 | 01413nam a2200361 a 4500 | ||
|---|---|---|---|
| 001 | 000115783 | ||
| 003 | CHAP | ||
| 005 | 20220329144548.0 | ||
| 008 | 190704s2018 mx |sm |||||||spa d | ||
| 010 | _a112244 | ||
| 011 | _a113216 | ||
| 040 | _cCHAP | ||
| 090 | _aTesis | ||
| 100 | 1 |
_aChacón Altunar, Zuleima Rubit. _9136383 |
|
| 245 | 1 | 0 |
_aInfluencia del efecto de las faces lunares en los injertos de tres especies limón (citrus latifolia Tam.) macadamia (macadamia app.) y cafe (coffea arabica) en Huatusco, Veracruz _h[En línea] _cpor Zuleima Rubit Chacón Altunar. |
| 260 |
_aHuatusco, Ver. : _bEl autor, _c2018. |
||
| 500 | _aPara ver el contenido del material haga clic en la liga | ||
| 502 | _aTesis (Lic. en Redes Agroalimentarias) -- UACH. Centro Regional Universitario Oriente | ||
| 590 |
_aBATCH-UPD _b05 _c20190704 _lUCH01 _h1241 |
||
| 590 |
_aE5765TAJ _b05 _c20190704 _lUCH01 _h1240 |
||
| 590 |
_aE5765TAJ _b05 _c20190704 _lUCH01 _h1241 |
||
| 650 | 1 | 4 |
_aCafé _xCrecimiento. _917121 |
| 650 | 1 | 4 |
_aCafé _xInjertos. _917160 |
| 650 | 1 | 4 |
_aLimón persa _xCrecimiento. _966868 |
| 650 | 1 | 4 |
_aLimón persa _xInjertos. _9136384 |
| 650 | 1 | 4 |
_aLuna _xEfecto en cultivos. _969011 |
| 650 | 1 | 4 |
_aMacadamia _xCrecimiento. _9136385 |
| 650 | 1 | 4 |
_aMacadamia _xInjertos. _9136386 |
| 856 |
_aFinding aid _uhttp://10.13.5.2/tesis/sist115783.pdf _zTeclea aquí |
||
| 901 | _aBK | ||
| 942 | _cTESIS | ||
| 942 | _n0 | ||
| 999 |
_c112244 _d112244 |
||